Lawrence of Arabia :a biographical inquiry (Record no. 414)
[ view plain ]
| 000 -LEADER | |
|---|---|
| fixed length control field | 00308nam a2200109 4500 |
| 082 ## - DEWEY DECIMAL CLASSIFICATION NUMBER | |
| Classification number | 940.4150924 |
| Item number | LAW /ALD |
| 100 ## - MAIN ENTRY--PERSONAL NAME | |
| Personal name | Aldington , Richard |
| 245 ## - TITLE STATEMENT | |
| Title | Lawrence of Arabia :a biographical inquiry |
| Statement of responsibility, etc. | Richard Aldington |
| 250 ## - EDITION STATEMENT | |
| Edition statement | 2nd ed. |
| 260 ## - PUBLICATION, DISTRIBUTION, ETC. | |
| Place of publication, distribution, etc. | Harmondsworth |
| Name of publisher, distributor, etc. | Penguin Books |
| Date of publication, distribution, etc. | 1971 |
| 300 ## - PHYSICAL DESCRIPTION | |
| Extent | 504p. ;18cm. |
| Withdrawn status | Lost status | Damaged status | Not for loan | Collection code | Home library | Current library | Date acquired | Total Checkouts | Full call number | Barcode | Date last seen | Copy number | Price effective from | Koha item type |
|---|---|---|---|---|---|---|---|---|---|---|---|---|---|---|
| ENGLISH | North Eastern Hill University | North Eastern Hill University | 18/11/2011 | 940.4150924 LAW /ALD | A237 | 18/11/2011 | ,1 | 18/11/2011 | Books | |||||
| ENGLISH | North Eastern Hill University | North Eastern Hill University | 18/11/2011 | 940.4150924 LAW /ALD | A1124 | 18/11/2011 | ,1;1 | 18/11/2011 | Books |
